| 000 | 00899nam a2200253 a 4500 | ||
|---|---|---|---|
| 005 | 20151124094832.0 | ||
| 008 | 140310b1993 ck ||||| |||| 00| 0 spa d | ||
| 040 |
_aCO-BoIAVH _cCO-BoIAVH |
||
| 041 | 0 | _aspa | |
| 044 | _ack | ||
| 090 |
_aLB _b02889 |
||
| 110 | 2 |
_aColombia _b, Ministerio de Agricultura |
|
| 245 | 1 | _aDiagnóstico agropecuario de Sucre | |
| 260 |
_aSincelejo : _bURPA -Sucre : _bMinisterio de Agricultura, _c1993. |
||
| 300 |
_a245 páginas : _btablas, gráficas ; _c29 cm. |
||
| 650 | 6 |
_aGanadería _zSucre (Departamento, Colombia) |
|
| 650 | 6 |
_aAgricultura _zSucre (Departamento, Colombia) |
|
| 650 | 4 | _aProducción agropecuaria | |
| 650 | 6 | _aAgroindustria | |
| 650 | 6 | _aRecursos forestales | |
| 662 |
_aColombia _bSucre |
||
| 710 | 2 |
_aGobernación de Sucre _b, Unidad Regional de Planeamiento Agropecuario |
|
| 942 |
_cINFORME _2z |
||
| 999 |
_c3127 _d3127 |
||